Score 0/12 Timer 05:00
0 Plays Today
Department % Correct
Littoral
75%
Alibori
66.7%
Donga
66.7%
Mono
66.7%
Plateau
66.7%
Atlantique
58.3%
Atakora
50%
Borgou
50%
Collines
50%
Kouffo
50%
Oueme
50%
Zou
50%
Remove Ads.
Support Sporcle.
Get the best of Sporcle when you Go Orange. This ad-free experience offers more features, more stats, and more fun while also helping to support Sporcle. Thank you for becoming a member.

You're not logged in!

Compare scores with friends on all Sporcle quizzes.
OR
Log In

Show Comments

Extras

Created Jul 10, 2012SourceReportNominate
Tags:Benin, department

Top Quizzes Today


Score Distribution

Your Account Isn't Verified!

In order to create a playlist on Sporcle, you need to verify the email address you used during registration. Go to your Sporcle Settings to finish the process.

Report this User

Report this user for behavior that violates our Community Guidelines.

Details: